Reglamento del Servicio Médico - Farmacéutico de la Casa Provincial de Caridad de Barcelona
Descripción Física:
24 p. ; 27 cm
MARC
| LEADER | 00000nam a2200000Ia 4500 | ||
|---|---|---|---|
| 001 | 9114 | ||
| 008 | 160829s1908 xx 000 0 cat d | ||
| 080 | |a RF-9-25 | ||
| 110 | |a Casa de Caritat (Barcelona, Catalunya) |9 52406 | ||
| 245 | |a Reglamento del Servicio Médico - Farmacéutico de la Casa Provincial de Caridad de Barcelona | ||
| 260 | |a Barcelona : |b (Imp. de la Casa Provincial de Caridad), |c 1908 | ||
| 300 | |a 24 p. ; |c 27 cm | ||
| 590 | |a Hi ha un duplicat: DUP-65-43 | ||
| 650 | |a Casa de Caritat (Barcelona). Servei Médico-Farmacèutic |x Reglaments i procediment |9 38972 | ||
| 710 | |a Casa de Caritat (Barcelona, Catalunya) |9 52406 | ||
| 856 | 4 | |u https://media.diba.cat/diba/fitxers/arxiu/fulletons/bib_9114_1908_baixa.pdf |y Accés lliure | |
| 856 | 4 | |u https://media.diba.cat/diba/fitxers/arxiu/fulletons/bib_9114_1908_baixa.pdf |y Accés lliure | |
| 901 | |a Arxiu | ||
| 942 | |n 1 |2 udc | ||
| 952 | |0 0 |1 0 |4 0 |6 RF925 |7 1 |9 48554 |a Arxiu |b Arxiu |d 2016-12-01 |l 0 |o RF-9-25 |p 9114 |r 2016-12-01 00:00:00 |w 2016-12-01 |y ARXIU | ||
| 999 | |c 52384 |d 52384 | ||
| 900 | |a bib_9114_1908_baixa.pdf | ||